Voces de mujeres : historias de vida en primera persona /

Los testimonios de este libro ponen de manifiesto concretamente la tremenda desigualdad de la sociedad en que vivimos, donde ser pobre o excluido es sobre todo carencia de ciudadanía, en la medida en que está siendo negada la titularidad de derechos sociales y la participación en la vida pública. Po...

Full description

Bibliographic Details
Corporate Authors: Fundación Nacional para la Superación de la Pobreza (Chile), Universidad Católica Cardenal Raúl Silva Henríquez (Chile) Departamento de Trabajo Social, Universidad Diego Portales (Chile) Escuela de Periodismo
Format: Libro
Language:Spanish
Published: Santiago, Chile Fundación para la Superación de la Pobreza 2008
Subjects:
Online Access:

MARC

LEADER 00000cam a2200000 a 4500
001 005332
003 UAHC_CL
005 20170803120126.0
008 100111s2008 cl 000 spa
020 |a 9789567947751 
040 |a UAHC_CL  |c UAHC_CL  |d UAHC_CL 
082 0 4 |a 305.42  |b V872  |2 20 
245 1 0 |a Voces de mujeres :  |b historias de vida en primera persona /  |c Escuela de Periodismo Universidad Diego Portales ; Fundación para la Superación de la Pobreza ; Departamento de Trabajo Social Universidad Católica Silva Henríquez. 
260 |b Fundación para la Superación de la Pobreza  |a Santiago, Chile  |c 2008 
300 |a 70 p. 
505 0 |a Metodología de trabajo -- Historias de vida -- Crónicas. 
520 |a Los testimonios de este libro ponen de manifiesto concretamente la tremenda desigualdad de la sociedad en que vivimos, donde ser pobre o excluido es sobre todo carencia de ciudadanía, en la medida en que está siendo negada la titularidad de derechos sociales y la participación en la vida pública. Por lo mismo, esta mirada hacia las biografías de estas mujeres, hacia su cotidianeidad y, en definitiva, hacia su palabra sugiere caminos posibles para asumir como país la tarea de generar una sociedad más justa\. 
650 4 |a MUJERES POBRES  |x CONDICIONES SOCIALES 
650 4 |a MUJERES  |z CHILE  |x CONDICIONES SOCIALES 
653 |a TRABAJO SOCIAL 
710 1 |a Fundación Nacional para la Superación de la Pobreza (Chile) 
710 1 |a Universidad Católica Cardenal Raúl Silva Henríquez (Chile)  |b Departamento de Trabajo Social 
710 1 |a Universidad Diego Portales (Chile)  |b Escuela de Periodismo 
900 |a 305.42 VOC 
942 |c BK 
952 |0 0  |1 0  |4 0  |6 305_420000000000000_VOC  |7 0  |8 General  |9 11634  |a BC  |b BC  |c General  |d 2017-08-03  |l 0  |o 305.42 VOC  |p 1376235  |r 2026-01-13 00:00:00  |t 1  |w 2017-08-03  |y BK 
999 |c 5332  |d 5332